000 00731nam a2200205 i 4500
001 122060
003 ES-MaACL
005 20250814011832.0
007 t|
008 070214s1918 sp r ||||1| spa d
100 1 _aPotó, Mariano.
_993379
245 1 3 _aLa noción de medio ambiente en biología dinámica /
_cMariano Potó.
260 _aSan Sebastián :
_bSociedad de Oceanografía de Guipúzcoa,
_c1918.
300 _a14 p. ;
_c25 cm.
500 _aPublicado en el Boletín de la Sociedad de Oceanografía de Guipúzcoa, suplemento nº 5, enero-marzo 1918.
650 0 7 _aBiología
_2embne
_910580
710 2 _aSociedad de Oceanografía de Gipuzkoa.
_9151725
852 _aES-MaACL
_j1558-F-10
999 _c122060
_d122060